[Event "Rated Blitz game"]
[Site "?"]
[Date "2021.10.18"]
[Round "?"]
[White "Veysi13"]
[Black "larsental3"]
[Result "0-1"]
[WhiteElo "2406"]
[BlackElo "2351"]
[PlyCount "78"]
[EventDate "2021.??.??"]
[EventType "blitz"]

1. e4 e5 2. Nf3 d5 3. Nxe5 Bd6 4. d4 dxe4 5. Nc3 Bxe5 6. dxe5 Qxd1+ 7. Kxd1 Bf5
8. Nd5 Kd8 9. Bf4 c6 10. Ne3 Bg6 11. h4 h5 12. c3 Nd7 13. Kc2 Ke7 14. Bc4 Nh6
15. Rad1 Ng4 16. Nxg4 hxg4 17. Kc1 Nb6 18. Bb3 Rad8 19. g3 Nd5 20. Rd4 Nxf4 21.
gxf4 Bf5 22. Rxd8 Rxd8 23. Rd1 Rh8 24. Rh1 f6 25. exf6+ gxf6 26. Kd2 Be6 27.
Bxe6 Kxe6 28. Ke3 f5 29. h5 c5 30. c4 Rd8 31. Ke2 Kf6 32. Ke3 Kg7 33. a3 Kh6
34. Ke2 Rd4 35. b3 Rd3 36. Rd1 Rxd1 37. Kxd1 Kxh5 38. b4 b6 39. Kd2 Kh4 {Normal
} 0-1

[Event "Rated Blitz tournament Lxvf7j3v"]
[Site "?"]
[Date "2021.10.18"]
[Round "?"]
[White "FedorLaptev"]
[Black "Razario90"]
[Result "1-0"]
[WhiteElo "2498"]
[BlackElo "2347"]
[PlyCount "91"]
[EventDate "2021.??.??"]
[EventType "blitz"]

1. e4 e5 2. Nf3 d5 3. Nxe5 dxe4 4. d4 Bd6 5. Nc4 Nf6 6. Nc3 O-O 7. h3 Re8 8.
Be2 Nc6 9. Be3 Bf8 10. g4 a6 11. a3 b5 12. Ne5 Bb7 13. Nxc6 Bxc6 14. h4 Nd5 15.
Nxd5 Qxd5 16. Qd2 a5 17. c3 Qb3 18. h5 Red8 19. g5 b4 20. g6 bxa3 21. gxf7+
Kxf7 22. bxa3 Bxa3 23. Bd1 Qb2 24. Ra2 Qxd2+ 25. Kxd2 Be7 26. Ba4 Bd5 27. Raa1
Rdb8 28. Kc2 Bc4 29. h6 g6 30. Rh3 Bd3+ 31. Kc1 Ra6 32. f3 Rf6 33. fxe4 Rf1+
34. Bd1 Be2 35. Kc2 a4 36. Rh2 Bxd1+ 37. Rxd1 Rxd1 38. Kxd1 a3 39. Ra2 g5 40.
Bc1 g4 41. Bxa3 Ra8 42. Rf2+ Kg6 43. Bxe7 Kxh6 44. Ke2 Ra2+ 45. Kf1 Ra3 46.
Bxa3 {Normal} 1-0

[Event "Rated Blitz game"]
[Site "?"]
[Date "2021.10.18"]
[Round "?"]
[White "barbosean"]
[Black "khalid_ontawar"]
[Result "1-0"]
[WhiteElo "2505"]
[BlackElo "2489"]
[PlyCount "133"]
[EventDate "2021.??.??"]
[EventType "blitz"]

1. e4 e5 2. Nf3 d5 3. exd5 e4 4. Ne5 Qxd5 5. d4 exd3 6. Nxd3 Qe6+ 7. Be2 Bd6 8.
O-O Nf6 9. Bf4 O-O 10. Nc3 Nc6 11. Re1 Qd7 12. Bf1 b6 13. Nb5 Bb7 14. Nxd6 cxd6
15. Bg3 d5 16. Ne5 Nxe5 17. Bxe5 Ng4 18. Bd4 Rfe8 19. Qf3 Nh6 20. Bd3 Qg4 21.
Qxg4 Nxg4 22. f3 Nh6 23. g4 f6 24. Bb5 Rxe1+ 25. Rxe1 Kf8 26. Bc3 a5 27. Bd4
Nf7 28. Bxb6 Ne5 29. Kf2 h6 30. h3 Kf7 31. b3 Rc8 32. Re2 d4 33. f4 Nf3 34. Bd7
Ra8 35. Be6+ Kg6 36. Bf5+ Kf7 37. Be4 Bxe4 38. Rxe4 Nh4 39. Rxd4 Rc8 40. c4 Ng6
41. Bxa5 Ne7 42. b4 Nc6 43. Rd7+ Ke6 44. Rc7 Rxc7 45. Bxc7 Nxb4 46. a4 Kd7 47.
Bb6 Kc6 48. c5 Nd3+ 49. Ke3 Ne1 50. a5 Kb5 51. Ke4 Ng2 52. Kf5 g6+ 53. Kxg6
Nxf4+ 54. Kxf6 Nxh3 55. Kg6 Nf2 56. Kh5 Kc6 57. Bd8 Kxc5 58. Bf6 Kb5 59. Bc3
Nxg4 60. Kxg4 Ka6 61. Kh5 Kb7 62. Kxh6 Ka8 63. Kg5 Kb7 64. Kf5 Ka8 65. Ke6 Kb7
66. Kd6 Ka8 67. Kc7 {Time forfeit} 1-0

[Event "Rated Blitz game"]
[Site "?"]
[Date "2021.10.18"]
[Round "?"]
[White "CJ100"]
[Black "BrilliantGambiteer"]
[Result "1-0"]
[WhiteElo "2534"]
[BlackElo "2359"]
[PlyCount "103"]
[EventDate "2021.??.??"]
[EventType "blitz"]

1. e4 e5 2. Nf3 d5 3. Nxe5 Bd6 4. d4 dxe4 5. Nc4 Nf6 6. Be2 O-O 7. O-O Bf5 8.
Nc3 Qe7 9. Nxd6 cxd6 10. Bg5 Qe6 11. Bxf6 Qxf6 12. Nd5 Qd8 13. Bg4 Bxg4 14.
Qxg4 f5 15. Qh3 Nc6 16. c3 Ne7 17. Nf4 Qd7 18. f3 d5 19. Rae1 Rad8 20. fxe4
dxe4 21. Qg3 Nd5 22. h4 Nxf4 23. Rxf4 Kh8 24. h5 Qd5 25. Qh3 Qxa2 26. b4 Rf6
27. Rxf5 Rxf5 28. Qxf5 Qd2 29. Qxe4 h6 30. Qe3 Qa2 31. Rf1 Qd5 32. Qe7 Rg8 33.
Qf7 Qe4 34. Qf3 Qe7 35. d5 b5 36. Rd1 Rd8 37. Qg3 Qf7 38. Qf3 Qxf3 39. gxf3 Kg8
40. Kf2 Kf7 41. Ke3 Ke7 42. Kd4 Kd6 43. Ra1 Rd7 44. Ra6+ Ke7 45. Ke5 Rb7 46.
Re6+ Kd7 47. Rg6 Ke8 48. Ke6 Re7+ 49. Kd6 Rd7+ 50. Kc6 Re7 51. d6 Re3 52. d7+ {
Time forfeit} 1-0

[Event "Rated Blitz game"]
[Site "?"]
[Date "2021.10.18"]
[Round "?"]
[White "bczero3"]
[Black "Ra_gozin"]
[Result "1/2-1/2"]
[WhiteElo "2412"]
[BlackElo "2334"]
[PlyCount "139"]
[EventDate "2021.??.??"]
[EventType "blitz"]

1. e4 e5 2. Nf3 d5 3. Nxe5 Bd6 4. d4 dxe4 5. Nc4 Nf6 6. Nc3 O-O 7. Be2 Nc6 8.
Be3 a6 9. a4 Ne7 10. d5 Bb4 11. O-O Nexd5 12. Nxd5 Nxd5 13. Bd4 Be6 14. c3 Be7
15. Qd2 Bf6 16. Rad1 Qe7 17. f3 Bxd4+ 18. Qxd4 e3 19. Nxe3 Rad8 20. Nxd5 Bxd5
21. Qf2 Rfe8 22. Rfe1 Qg5 23. c4 Bc6 24. b3 Rxd1 25. Rxd1 Qe5 26. Bf1 g6 27.
Qd4 Qxd4+ 28. Rxd4 Re3 29. Rd3 Re5 30. Kf2 Kf8 31. f4 Re4 32. g3 Ke7 33. Bg2
Re6 34. Bd5 Bxd5 35. Rxd5 c6 36. Rd3 h6 37. g4 Re4 38. Kf3 Re1 39. h3 Rh1 40.
Kg2 Rb1 41. Re3+ Kf6 42. Rd3 Ke6 43. Re3+ Kd6 44. Kf3 Kc5 45. f5 gxf5 46. gxf5
h5 47. Kg3 Kb4 48. Kh4 Rf1 49. Kg5 b5 50. cxb5 axb5 51. axb5 cxb5 52. h4 Rf2
53. Re5 Kxb3 54. Rxb5+ Kc4 55. Re5 Kd4 56. Re7 Rg2+ 57. Kxh5 f6 58. Re6 Kd5 59.
Rxf6 Ke5 60. Rf8 Rf2 61. Kh6 Rxf5 62. Rxf5+ Kxf5 63. h5 Kf6 64. Kh7 Kf7 65. Kh8
Kf8 66. h6 Kf7 67. Kh7 Kf8 68. Kg6 Kg8 69. h7+ Kh8 70. Kh6 {Normal} 1/2-1/2

[Event "Rated Blitz game"]
[Site "?"]
[Date "2021.10.18"]
[Round "?"]
[White "FN3402"]
[Black "GrandeGila"]
[Result "1-0"]
[WhiteElo "2451"]
[BlackElo "2571"]
[PlyCount "59"]
[EventDate "2021.??.??"]
[EventType "blitz"]

1. e4 e5 2. Nf3 d5 3. Nxe5 Bd6 4. d4 dxe4 5. Nc4 Nc6 6. Be2 Be7 7. O-O Nf6 8.
Bf4 Nxd4 9. c3 Nxe2+ 10. Qxe2 O-O 11. Rd1 Bd7 12. Ne5 Bd6 13. Nxd7 Qxd7 14. Bg5
Qe6 15. Bxf6 gxf6 16. Nd2 f5 17. Nc4 Be7 18. Rd2 Rad8 19. Rad1 Rxd2 20. Rxd2
Rd8 21. Ne3 Rxd2 22. Qxd2 Bd6 23. Nd5 Qg6 24. Qd4 c6 25. Nf6+ Kf8 26. Qxd6+ Kg7
27. Ne8+ Kh6 28. Qf4+ Qg5 29. Qxg5+ Kxg5 30. Nd6 {Normal} 1-0

[Event "Rated Blitz game"]
[Site "?"]
[Date "2021.10.18"]
[Round "?"]
[White "fiser007"]
[Black "khalid_ontawar"]
[Result "1-0"]
[WhiteElo "2482"]
[BlackElo "2482"]
[PlyCount "39"]
[EventDate "2021.??.??"]
[EventType "blitz"]

1. e4 e5 2. Nf3 d5 3. Nxe5 Qe7 4. d4 f6 5. Ng4 dxe4 6. Ne3 Nc6 7. c4 Bd7 8. Nd5
Qd8 9. Bf4 Bd6 10. Bxd6 cxd6 11. Nbc3 f5 12. Nb5 Kf8 13. Nxd6 Be6 14. Nxb7 Qc8
15. Nc5 Bxd5 16. cxd5 Nce7 17. d6 Nc6 18. Bb5 Rb8 19. d7 Qc7 20. Ne6+ {Normal}
1-0

[Event "Rated Blitz game"]
[Site "?"]
[Date "2021.10.18"]
[Round "?"]
[White "ML-King"]
[Black "alaeldin1212"]
[Result "1-0"]
[WhiteElo "2461"]
[BlackElo "2403"]
[PlyCount "85"]
[EventDate "2021.??.??"]
[EventType "blitz"]

1. e4 e5 2. Nf3 d5 3. Nxe5 Bd6 4. d4 dxe4 5. Nc4 Nf6 6. Bg5 O-O 7. Nc3 Nc6 8.
Be2 Re8 9. a3 h6 10. Bh4 a6 11. Qd2 Be7 12. O-O-O g5 13. Bg3 Bf5 14. d5 Na7 15.
d6 cxd6 16. Nxd6 Bxd6 17. Bxd6 Rc8 18. h4 e3 19. fxe3 Ne4 20. Nxe4 Bxe4 21. c3
Nb5 22. Bxb5 axb5 23. hxg5 Qxg5 24. Bf4 Qf5 25. Rxh6 Red8 26. Rd6 Rxd6 27. Qxd6
Rc6 28. Qd8+ Kg7 29. Qg5+ Qxg5 30. Bxg5 Bxg2 31. Rg1 Be4 32. Bf4+ Rg6 33. Be5+
Kh6 34. Rf1 f5 35. Rf2 Rg1+ 36. Kd2 Rb1 37. c4 bxc4 38. Kc3 b5 39. Kb4 Bd3 40.
Bc3 Kg5 41. Kxb5 Kg4 42. Kc5 Kg3 43. Rf4 {Time forfeit} 1-0

[Event "Rated Blitz tournament qaICOzxY"]
[Site "?"]
[Date "2021.10.18"]
[Round "?"]
[White "Arifin_BP88"]
[Black "bonsitorus"]
[Result "1/2-1/2"]
[WhiteElo "2401"]
[BlackElo "2396"]
[PlyCount "139"]
[EventDate "2021.??.??"]
[EventType "blitz"]

1. e4 e5 2. Nf3 d5 3. Nxe5 dxe4 4. d4 Nf6 5. Be2 Bd6 6. Nc4 O-O 7. Be3 Re8 8.
Nbd2 Bf8 9. c3 Bf5 10. h3 Nc6 11. b4 Nd5 12. Qc2 b5 13. Nb2 a6 14. Nd1 Bg6 15.
a4 Rb8 16. axb5 axb5 17. Ra6 Qd7 18. Qa2 f5 19. g3 Bf7 20. Qa1 Nxe3 21. Nxe3
Ne7 22. Qa5 c6 23. O-O Nd5 24. Nxd5 Bxd5 25. Ra7 Qe6 26. Ra1 f4 27. Bg4 Qg6 28.
Qc7 h5 29. Bd7 e3 30. Nf1 exf2+ 31. Kxf2 fxg3+ 32. Qxg3 Qc2+ 33. Kg1 Re7 34.
Bxc6 Rd8 35. Bxd5+ Rxd5 36. Rxe7 Bxe7 37. Ra8+ Kh7 38. Ne3 Qc1+ 39. Kf2 Rg5 40.
Qf4 Qd2+ 41. Kf3 Rg6 42. Qf5 Bf6 43. Qxh5+ Rh6 44. Qf5+ Rg6 45. Rh8+ Kxh8 46.
Qxg6 Qxc3 47. d5 Bd4 48. Qe8+ Kh7 49. Qe4+ Kh8 50. Kf4 Bxe3+ 51. Qxe3 Qxb4+ 52.
Qe4 Qd2+ 53. Ke5 b4 54. d6 b3 55. Qa8+ Kh7 56. Qb7 b2 57. d7 Qxd7 58. Qxd7 b1=Q
59. Qg4 Qg6 60. Kf4 Qf6+ 61. Qf5+ Qxf5+ 62. Kxf5 Kh6 63. h4 Kh5 64. Kf4 Kxh4
65. Kf3 g5 66. Kg2 Kg4 67. Kg1 Kh3 68. Kh1 Kg3 69. Kg1 g4 70. Kh1 {Time forfeit
} 1/2-1/2

[Event "Rated Blitz game"]
[Site "?"]
[Date "2021.10.18"]
[Round "?"]
[White "Timur_93"]
[Black "lavilaine"]
[Result "0-1"]
[WhiteElo "2421"]
[BlackElo "2423"]
[PlyCount "102"]
[EventDate "2021.??.??"]
[EventType "blitz"]

1. e4 e5 2. Nf3 d5 3. Nc3 d4 4. Ne2 Bd6 5. d3 c5 6. g3 Nc6 7. Bg2 Nge7 8. O-O
Be6 9. Ne1 Qd7 10. f4 f6 11. f5 Bf7 12. a3 h5 13. b4 cxb4 14. axb4 Bxb4 15. Ba3
Bxa3 16. Rxa3 b5 17. h3 b4 18. Ra6 Qb7 19. Qa1 O-O 20. Nc1 Nc8 21. Nb3 Nb6 22.
Bf3 Bxb3 23. cxb3 Qf7 24. Bd1 Rfc8 25. Ng2 Nd8 26. Nh4 Nb7 27. Rxa7 Nc5 28.
Rxf7 Rxa1 29. Bxh5 Rxf1+ 30. Kxf1 Nxd3 31. Rb7 Nc5 32. Rxb6 Nxe4 33. Rxb4 Nxg3+
34. Ke1 Nxh5 35. Rb7 Nf4 36. Ng6 Nxg6 37. fxg6 e4 38. h4 d3 39. Kd2 Rc2+ 40.
Ke3 Re2+ 41. Kf4 Kf8 42. Rf7+ Ke8 43. Rxg7 d2 44. Rg8+ Ke7 45. Rg7+ Kf8 46.
Rf7+ Ke8 47. Ra7 d1=Q 48. g7 Qf1+ 49. Kg4 Rg2+ 50. Kh5 Qf5+ 51. Kh6 Qg6# {
Normal} 0-1

[Event "Rated Blitz game"]
[Site "?"]
[Date "2021.10.18"]
[Round "?"]
[White "MrTarrasch"]
[Black "Annali-annaliew1979"]
[Result "0-1"]
[WhiteElo "2553"]
[BlackElo "2461"]
[PlyCount "50"]
[EventDate "2021.??.??"]
[EventType "blitz"]

1. e4 e5 2. Nf3 d5 3. exd5 e4 4. Qe2 f5 5. d3 Nf6 6. dxe4 fxe4 7. Nc3 Be7 8.
Nxe4 Nxe4 9. Qxe4 O-O 10. Be3 Bd6 11. Bd3 Bf5 12. Qc4 Bxd3 13. Qxd3 Nd7 14.
O-O-O Qe8 15. h4 Ne5 16. Nxe5 Qxe5 17. g3 Rae8 18. Rhe1 Qf6 19. Bg5 Qf7 20. f4
h6 21. c4 hxg5 22. hxg5 b5 23. g6 Qf6 24. Rh1 bxc4 25. Qf3 Qxg6 {Normal} 0-1

[Event "Rated Blitz game"]
[Site "?"]
[Date "2021.10.18"]
[Round "?"]
[White "elRope"]
[Black "Annali-annaliew1979"]
[Result "1-0"]
[WhiteElo "2438"]
[BlackElo "2441"]
[PlyCount "91"]
[EventDate "2021.??.??"]
[EventType "blitz"]

1. e4 e5 2. Nf3 d5 3. d4 dxe4 4. Nxe5 Bd6 5. Nc4 Nf6 6. Be2 h6 7. Nc3 O-O 8.
Nxd6 cxd6 9. d5 Bf5 10. Be3 a6 11. h4 Nbd7 12. g4 Bg6 13. g5 hxg5 14. hxg5 Nh7
15. Qd4 Re8 16. O-O-O Rc8 17. Rh4 Ne5 18. Rdh1 Nf3 19. Bxf3 exf3 20. Rxh7 Bxh7
21. Qh4 Rxe3 22. Qxh7+ Kf8 23. fxe3 f2 24. Qh8+ Ke7 25. Qxd8+ Rxd8 26. Rf1 Rh8
27. Rxf2 Rh5 28. Ne4 Rh4 29. Rf4 Rh1+ 30. Kd2 Rg1 31. a4 b5 32. axb5 axb5 33.
b4 Rg2+ 34. Kd3 g6 35. Rf6 Rg4 36. c3 Rxg5 37. Rxf7+ Kxf7 38. Nxg5+ Kf6 39. Nf3
Kf5 40. c4 bxc4+ 41. Kxc4 Ke4 42. Ng5+ Kxe3 43. b5 Kf4 44. Ne6+ Ke5 45. b6 g5
46. Nxg5 {Normal} 1-0

[Event "Rated Blitz game"]
[Site "?"]
[Date "2021.10.18"]
[Round "?"]
[White "Shevtsjenko"]
[Black "Annali-annaliew1979"]
[Result "0-1"]
[WhiteElo "2478"]
[BlackElo "2458"]
[PlyCount "100"]
[EventDate "2021.??.??"]
[EventType "blitz"]

1. e4 e5 2. Nf3 d5 3. d4 dxe4 4. Nxe5 Bd6 5. Nc4 Nf6 6. Nxd6+ cxd6 7. c4 h6 8.
Nc3 O-O 9. Be2 Bf5 10. O-O a6 11. a3 Nc6 12. b4 d5 13. c5 Re8 14. b5 Ne7 15. h3
Ng6 16. Be3 Qd7 17. bxa6 bxa6 18. Na4 Bxh3 19. Nb6 Qe6 20. Nxa8 Rxa8 21. Rb1
Nh4 22. Rb6 Qf5 23. g3 Bxf1 24. Qxf1 Nf3+ 25. Bxf3 exf3 26. Bf4 Ne4 27. Qd3 Qh3
28. Qxf3 Re8 29. Rb8 Rxb8 30. Bxb8 Nd2 31. Qe2 Ne4 32. Bf4 Qc8 33. Qa2 Qf5 34.
c6 g5 35. Be5 g4 36. c7 Ng5 37. Qxd5 Nh3+ 38. Kh2 Qxf2+ 39. Qg2 Qf5 40. Qa8+
Kh7 41. c8=Q Qc2+ 42. Qg2 Qxc8 43. Qe4+ Kg8 44. d5 Qb7 45. Qxg4+ Kf8 46. Qg7+
Ke7 47. d6+ Ke6 48. Qf6+ Kd7 49. Qf3 Qxf3 50. Kxh3 Qf5+ {Time forfeit} 0-1

[Event "Rated Blitz game"]
[Site "?"]
[Date "2021.10.18"]
[Round "?"]
[White "cldng"]
[Black "larsental3"]
[Result "1/2-1/2"]
[WhiteElo "2458"]
[BlackElo "2341"]
[PlyCount "126"]
[EventDate "2021.??.??"]
[EventType "blitz"]

1. e4 e5 2. Nf3 d5 3. Nxe5 Bd6 4. d4 dxe4 5. Nc4 Nf6 6. Be2 Nc6 7. Nxd6+ Qxd6
8. Be3 Bf5 9. c3 Nd5 10. Qd2 O-O-O 11. Na3 Bg6 12. Nc4 Qe7 13. a4 f5 14. Bg5
Nf6 15. a5 h6 16. Bxf6 Qxf6 17. Qf4 Bf7 18. a6 b6 19. Ne3 Be6 20. Bc4 Bd7 21.
Nd5 Qd6 22. Qxd6 cxd6 23. Bb5 Rhe8 24. h4 Kb8 25. h5 Rf8 26. Nf4 Nxd4 27. Bxd7
Nc2+ 28. Ke2 Nxa1 29. Be6 Nc2 30. Kd2 e3+ 31. fxe3 Nxe3 32. Kxe3 Rde8 33. Kd4
Rf6 34. Kd5 Kc7 35. b4 b5 36. Rc1 Kb6 37. Kxd6 Kxa6 38. Kd7 Rb8 39. Ra1+ Kb7
40. Bd5+ Kb6 41. Ne6 Rb7+ 42. Kd6 Rb8 43. Ke7 a6 44. Nc5 Ka7 45. Be6 Rb6 46.
Rd1 Kb8 47. Rd8+ Kc7 48. Rd7+ Kc8 49. Rb7+ Rfxe6+ 50. Nxe6 Rxb7+ 51. Kf8 Kb8
52. Nxg7 Rc7 53. Nxf5 Rxc3 54. g3 a5 55. bxa5 b4 56. Nd4 b3 57. Nxb3 Rxb3 58.
Kg7 Rxg3+ 59. Kxh6 Rh3 60. Kg6 Ka7 61. h6 Rxh6+ 62. Kxh6 Ka6 63. Kg5 Kxa5 {
Normal} 1/2-1/2

[Event "Rated Blitz game"]
[Site "?"]
[Date "2021.10.18"]
[Round "?"]
[White "HAtURAL"]
[Black "KamranShirazi"]
[Result "1-0"]
[WhiteElo "2509"]
[BlackElo "2547"]
[PlyCount "51"]
[EventDate "2021.??.??"]
[EventType "blitz"]

1. e4 e5 2. Nf3 d5 3. Nxe5 Bd6 4. d4 dxe4 5. Nc4 Nc6 6. Nxd6+ Qxd6 7. Be3 f5 8.
g3 Nf6 9. c4 f4 10. gxf4 Bg4 11. Be2 Qc5 12. dxc5 Bf5 13. Nc3 Rd8 14. Nd5 O-O
15. Nxf6+ Rxf6 16. Qb3 Na5 17. Qa3 b6 18. cxb6 cxb6 19. c5 Rc8 20. cxb6 axb6
21. Bxb6 Nc4 22. Bxc4+ Rxc4 23. Qa8+ Rf8 24. Qd5+ Be6 25. Qxe6+ Kh8 26. Qxc4 {
Normal} 1-0

[Event "Rated Blitz game"]
[Site "?"]
[Date "2021.10.18"]
[Round "?"]
[White "PaBr"]
[Black "barry-allen"]
[Result "1-0"]
[WhiteElo "2412"]
[BlackElo "2258"]
[PlyCount "75"]
[EventDate "2021.??.??"]
[EventType "blitz"]

1. e4 e5 2. Nf3 d5 3. exd5 e4 4. Ne5 Qxd5 5. d4 exd3 6. Nxd3 Nf6 7. Nc3 Qa5 8.
Qe2+ Be7 9. Bd2 Nc6 10. O-O-O Be6 11. Kb1 O-O-O 12. g3 Bb4 13. Nxb4 Nxb4 14. a3
Nbd5 15. Bg2 Nxc3+ 16. Bxc3 Qb6 17. Qf3 Bd5 18. Qf5+ Be6 19. Qf4 Nd5 20. Bxd5
Bxd5 21. Rhe1 Rhe8 22. Bxg7 Rxe1 23. Rxe1 Be6 24. Bf6 Re8 25. Rd1 a6 26. Qd4
Qxd4 27. Rxd4 b5 28. f4 Kb7 29. Be5 c5 30. Rd6 a5 31. b4 axb4 32. axb4 cxb4 33.
Bd4 b3 34. cxb3 Bxb3 35. Rb6+ Kc7 36. Rxb5 Kc6 37. Rxb3 Rd8 38. Be5 {Time
forfeit} 1-0

[Event "Rated Blitz game"]
[Site "?"]
[Date "2021.10.18"]
[Round "?"]
[White "durakitodemedellin"]
[Black "khalid_ontawar"]
[Result "1-0"]
[WhiteElo "2540"]
[BlackElo "2517"]
[PlyCount "61"]
[EventDate "2021.??.??"]
[EventType "blitz"]

1. e4 e5 2. Nf3 d5 3. Nc3 dxe4 4. Nxe4 f5 5. Ng3 e4 6. Ng1 Nf6 7. d3 Be6 8. Bg5
Bd6 9. dxe4 Bxg3 10. Qxd8+ Kxd8 11. hxg3 fxe4 12. Ne2 Nbd7 13. Nf4 Bf5 14.
O-O-O c6 15. Nh5 Kc7 16. Nxg7 Bg4 17. Bf4+ Kb6 18. Be3+ c5 19. Rd6+ Kc7 20. Bf4
Kc8 21. Bb5 a6 22. Bxd7+ Nxd7 23. Ne6 Bxe6 24. Rxe6 a5 25. Rxh7 Rd8 26. Rd6 Ra6
27. Rxa6 bxa6 28. g4 Nf6 29. Rc7+ Kb8 30. Rf7+ Ka8 31. Rxf6 {Normal} 1-0

[Event "Rated Blitz game"]
[Site "?"]
[Date "2021.10.18"]
[Round "?"]
[White "Bohnenbauer"]
[Black "ProfessorDrovel"]
[Result "1-0"]
[WhiteElo "2478"]
[BlackElo "2394"]
[PlyCount "81"]
[EventDate "2021.??.??"]
[EventType "blitz"]

1. e4 e5 2. Nf3 d5 3. Nc3 dxe4 4. Nxe4 f5 5. Nxe5 fxe4 6. Qh5+ g6 7. Nxg6 Nf6
8. Qe5+ Be7 9. Nxh8 Nc6 10. Bb5 Bd7 11. Qg3 Nd4 12. Qg7 Bxb5 13. Nf7 Nxc2+ 14.
Kd1 Qd3 15. Ne5 Qe2+ 16. Kxc2 Bd3+ 17. Kb3 Qxf2 18. Qf7+ Kd8 19. a3 Qb6+ 20.
Ka2 a5 21. Re1 a4 22. Nxd3 Qb3+ 23. Qxb3 axb3+ 24. Kxb3 exd3 25. Kc4 Ra6 26. b4
Rd6 27. Bb2 Nd5 28. Be5 Nb6+ 29. Kb3 Rd5 30. Rac1 c6 31. Re4 Nd7 32. Rce1 Bg5
33. Kc3 Nb6 34. Rd4 Na4+ 35. Kxd3 Nb2+ 36. Kc2 Nc4 37. Rxc4 Rxd2+ 38. Kb3 Rd3+
39. Bc3 b5 40. Rd4+ Rxd4 41. Bxd4 {Normal} 1-0

[Event "Rated Blitz game"]
[Site "?"]
[Date "2021.10.18"]
[Round "?"]
[White "Alongar2003"]
[Black "Benny_Watts_2005"]
[Result "0-1"]
[WhiteElo "2491"]
[BlackElo "2418"]
[PlyCount "118"]
[EventDate "2021.??.??"]
[EventType "blitz"]

1. e4 e5 2. Nf3 d5 3. d4 dxe4 4. Nxe5 Bd6 5. Bf4 Nf6 6. Nc3 O-O 7. Bc4 Nc6 8.
Nxc6 bxc6 9. Bxd6 cxd6 10. d5 Qb6 11. b3 Qb4 12. Qd2 cxd5 13. Nxd5 Nxd5 14.
Bxd5 Qxd2+ 15. Kxd2 Rb8 16. Bxe4 Be6 17. c4 d5 18. Bxd5 Rfd8 19. Kc3 Bxd5 20.
cxd5 Rxd5 21. Rad1 Rc5+ 22. Kb2 g6 23. Rhe1 a5 24. Rc1 Rd5 25. Rcd1 Rf5 26. f3
a4 27. Re3 Ra5 28. Rd7 a3+ 29. Kc2 Rc5+ 30. Rc3 Re5 31. Rcc7 Rbe8 32. Rxf7 Re2+
33. Kc3 Rxa2 34. Rg7+ Kh8 35. Rxh7+ Kg8 36. Rcg7+ Kf8 37. Rxg6 Rae2 38. Rh8+
Kf7 39. Rxe8 Kxe8 40. Ra6 a2 41. g4 Rxh2 42. f4 Rf2 43. f5 Rg2 44. Kd4 Rxg4+
45. Ke5 Rg2 46. Kf6 Kd7 47. Kf7 Kd8 48. f6 Kd7 49. Kf8 Kd8 50. f7 Kd7 51. Ra7+
Kd8 52. b4 Kc8 53. b5 Kb8 54. b6 Kc8 55. Ke7 Re2+ 56. Kd6 Rd2+ 57. Kc5 Rc2+ 58.
Kb4 Rb2+ 59. Ka3 a1=Q# {Normal} 0-1

[Event "Rated Blitz game"]
[Site "?"]
[Date "2021.10.18"]
[Round "?"]
[White "anil_ot"]
[Black "lavilaine"]
[Result "1/2-1/2"]
[WhiteElo "2330"]
[BlackElo "2427"]
[PlyCount "83"]
[EventDate "2021.??.??"]
[EventType "blitz"]

1. e4 e5 2. Nf3 d5 3. exd5 e4 4. Qe2 f5 5. d3 Nf6 6. Nc3 Bb4 7. dxe4 Bxc3+ 8.
bxc3 fxe4 9. c4 O-O 10. Nd4 c6 11. Ba3 Qa5+ 12. Qd2 Qxa3 13. Be2 cxd5 14. cxd5
Nbd7 15. O-O Ne5 16. c4 Bg4 17. Nb5 Qc5 18. h3 Bf3 19. Rac1 Nh5 20. Bxf3 exf3
21. Rfe1 Rae8 22. Qg5 Nd3 23. Rxe8 Rxe8 24. Rf1 Nxf2 25. Qxh5 Nxh3+ 26. Kh2 g6
27. Qxh3 fxg2 28. Qxg2 Qxc4 29. Nd6 Qh4+ 30. Kg1 Re3 31. Rf3 Re1+ 32. Rf1 Re5
33. Nf5 Qh5 34. Ng3 Qg4 35. d6 Re3 36. Qd5+ Kg7 37. Qf7+ Kh6 38. Qf8+ Kg5 39.
Qf6+ Kh6 40. Qf8+ Kg5 41. Qf6+ Kh6 42. Qf8+ {Normal} 1/2-1/2

[Event "Rated Blitz game"]
[Site "?"]
[Date "2021.10.18"]
[Round "?"]
[White "js20000"]
[Black "Annali-annaliew1979"]
[Result "1-0"]
[WhiteElo "2504"]
[BlackElo "2451"]
[PlyCount "95"]
[EventDate "2021.??.??"]
[EventType "blitz"]

1. e4 e5 2. Nf3 d5 3. Nxe5 Qe7 4. d4 f6 5. Nf3 dxe4 6. Nfd2 f5 7. Bc4 Nf6 8.
O-O Nc6 9. f3 e3 10. Nb3 f4 11. Nc3 Bf5 12. Nd5 Nxd5 13. Bxd5 Qd6 14. Be4 Bg6
15. g3 fxg3 16. Bxe3 gxh2+ 17. Kh1 O-O-O 18. c3 Re8 19. Nc5 Rxe4 20. fxe4 Qd8
21. Qg4+ Kb8 22. Rxf8 Rxf8 23. Nd7+ Ka8 24. Nxf8 Qxf8 25. Kxh2 a5 26. Kg1 Qe8
27. e5 Ne7 28. Rf1 Nd5 29. Qf3 Qb5 30. Bc1 Bd3 31. Re1 h6 32. Qf8+ Ka7 33. Qc5+
Qxc5 34. dxc5 Bf5 35. e6 Ne7 36. Bf4 Kb8 37. Bd6 Ng6 38. e7 Nxe7 39. Bxe7 Kc8
40. Bf8 g6 41. Bxh6 Kd7 42. Bg5 a4 43. c4 a3 44. b4 b5 45. cxb5 Bd3 46. Re7+
Kc8 47. c6 Bxb5 48. Re8# {Normal} 1-0

[Event "Rated Blitz game"]
[Site "?"]
[Date "2021.10.18"]
[Round "?"]
[White "funchess21"]
[Black "RCompany_1"]
[Result "1-0"]
[WhiteElo "2536"]
[BlackElo "2424"]
[PlyCount "99"]
[EventDate "2021.??.??"]
[EventType "blitz"]

1. e4 e5 2. Nf3 d5 3. exd5 e4 4. Qe2 Nf6 5. Nc3 Be7 6. Nxe4 Nxd5 7. g3 O-O 8.
Bg2 Re8 9. O-O f5 10. Nc3 Nf6 11. Qc4+ Kh8 12. Ng5 Rf8 13. Nf7+ Rxf7 14. Qxf7
Nc6 15. Re1 Bd6 16. d4 Bd7 17. Bg5 Nxd4 18. Bxf6 gxf6 19. Rac1 Be5 20. f4 Be6
21. Qh5 Bd6 22. Ne2 Bc5 23. Kh1 Bd5 24. Nxd4 Bxg2+ 25. Kxg2 Qxd4 26. Rcd1 Qf2+
27. Kh1 Bd6 28. Re2 Qc5 29. Rde1 Qc6+ 30. Rg2 Kg7 31. h3 Bb4 32. Ree2 Rd8 33.
Kh2 Rd1 34. Re7+ Bxe7 35. Qxd1 Bd6 36. Re2 Kg6 37. h4 h5 38. Qe1 Qc4 39. c3
Qxa2 40. Re8 Qxb2+ 41. Qe2 Qxe2+ 42. Rxe2 a5 43. Ra2 b6 44. Kg2 Kf7 45. Kf3 Ke6
46. Ke3 Kd5 47. Kd3 Kc5 48. c4 Kb4 49. Rb2+ Ka3 50. Rb5 {Time forfeit} 1-0

[Event "Rated Blitz game"]
[Site "?"]
[Date "2021.10.18"]
[Round "?"]
[White "Mnyasta"]
[Black "tactinhos2900"]
[Result "0-1"]
[WhiteElo "2437"]
[BlackElo "2621"]
[PlyCount "48"]
[EventDate "2021.??.??"]
[EventType "blitz"]

1. e4 e5 2. Nf3 d5 3. Nxe5 Bd6 4. d4 dxe4 5. Nc4 Nf6 6. Nc3 O-O 7. Bg5 Re8 8.
Qd2 Nc6 9. O-O-O h6 10. Bf4 Bb4 11. Ne3 Ne7 12. Be5 Ned5 13. Bxf6 Nxf6 14. a3
Bf8 15. d5 a6 16. Be2 b5 17. g4 Rb8 18. h4 Re5 19. Rdg1 c6 20. g5 hxg5 21. hxg5
Nxd5 22. Nexd5 cxd5 23. Qf4 Bd6 24. Qh4 Kf8 {Time forfeit} 0-1

[Event "Rated Blitz game"]
[Site "?"]
[Date "2021.10.18"]
[Round "?"]
[White "karagioules"]
[Black "Annali-annaliew1979"]
[Result "0-1"]
[WhiteElo "2613"]
[BlackElo "2453"]
[PlyCount "30"]
[EventDate "2021.??.??"]
[EventType "blitz"]

1. e4 e5 2. Nf3 d5 3. exd5 e4 4. Qe2 f5 5. d3 Nf6 6. dxe4 fxe4 7. Nc3 Bb4 8.
Bd2 Bxc3 9. Bxc3 O-O 10. Ne5 Nbd7 11. O-O-O Nxe5 12. Bxe5 Bf5 13. Qb5 Kh8 14.
Qxb7 Qe8 15. Bb5 Qxe5 {Normal} 0-1

[Event "Rated Blitz game"]
[Site "?"]
[Date "2021.10.18"]
[Round "?"]
[White "aniket-118"]
[Black "kamaio"]
[Result "0-1"]
[WhiteElo "2464"]
[BlackElo "2349"]
[PlyCount "72"]
[EventDate "2021.??.??"]
[EventType "blitz"]

1. e4 e5 2. Nf3 d5 3. Nxe5 Bd6 4. d4 dxe4 5. Bc4 Bxe5 6. Qh5 Qe7 7. Qxe5 Qxe5
8. dxe5 Nc6 9. Bf4 Nge7 10. e6 Bxe6 11. Bxe6 fxe6 12. Bxc7 Rc8 13. Bf4 Nd5 14.
Bd2 Ncb4 15. Na3 Nxc2+ 16. Nxc2 Rxc2 17. Rc1 Rxb2 18. Rc8+ Kf7 19. Rxh8 Rb1+
20. Ke2 Rxh1 21. Rxh7 Ra1 22. h4 Rxa2 23. g3 e3 24. fxe3 Nf6 25. Rh8 Ne4 26.
Rd8 b5 27. Rd4 Nxd2 28. Rxd2 Rxd2+ 29. Kxd2 Kf6 30. g4 Ke5 31. Kd3 a5 32. Ke2
b4 33. Kd3 a4 34. Kc4 b3 35. Kc3 Ke4 36. h5 Ke5 {Normal} 0-1